00809nam a2200253 4500001000700000003000900007005001700016007000300033008004100036100002700077245007200104260003400176300002000210505014200230700002100372740001200393740001400405740002000419740003200439740002900471740001600500740001600516852002300532121409ES-MaACL20250918063033.0t|070214s1930 sp r ||||1| cat d1 aMolière, d1622-167310aObras de Molière / cMolière ; traducción de Alfonso Maseras. aBarcelona : b[s.n.], c1930. a2 v. ; c22 cm.8 aContiene: Vol. I. Tartuf. Don Juan. El misántrop. Vol. II. Les trapelleries de Scapin. Le casamant per força. La Sicilia. L'Atabalat.1 aMaseras, Alfons.0 aTartuf.0 aDon Juan.0 aEl misántrop.0 aLes trapelleries de Scapin.0 aLe casamant per força.0 aLa Sicilia.0 aL'Atabalat. aES-MaACLjA-258-59